Normal view
MARC view
Entry Personal Name
001 - CONTROL NUMBER
- control field: 1854
003 - CONTROL NUMBER IDENTIFIER
- control field: OSt
005 - DATE AND TIME OF LATEST TRANSACTION
- control field: 20230623110342.0
008 - FIXED-LENGTH DATA ELEMENTS
- fixed length control field: 230623|| aca||aabn | a|a d
040 ## - CATALOGING SOURCE
- Original cataloging agency: OSt
- Transcribing agency: OSt
100 ## - HEADING--PERSONAL NAME
- Personal name: Siegel, Larry
670 ## - SOURCE DATA FOUND
- Source citation: Work cat.: (OSt): Siegel, Larry, Essentials of criminal justice. /, 2004.
